Dislexia 3 (Registo nº 929)
[ vista simples ]
| 000 -Etiqueta do registo | |
|---|---|
| Cabeçalho | 00800nam0a2200301 i 4500 |
| 005 - Identificador da versão | |
| Campo de controlo | 20240813121819.0 |
| 010 ## - Número internacional normalizado dos livros (ISBN) | |
| Número (ISBN) | 9789720345639 |
| 021 ## - Número do Depósito Legal | |
| Código do país | PT |
| Número | PT -- 275401/08 |
| 035 ## - Other System Control Numbers | |
| System Control Number | 0000994 |
| System Control Number | 0000977 |
| 100 ## - Dados gerais de processamento | |
| Dados gerais de processamento | 20091116d m y0pory5003 ba |
| 102 ## - Pais de publicação ou produção | |
| País de publicação | Portugal |
| 101 0# - Língua de publicação | |
| Língua do texto, banda sonora, etc. | Português |
| Língua do documento no original | Português |
| 106 ## - Campo de dados codificados: material textual | |
| Dados codificados do material textual | r |
| 105 ## - Campo de dados codificados: livros | |
| Dados codificados dos livros | a z 001yy |
| 215 ## - Descrição física | |
| Indicação específica da natureza do documento e extensão da espécie | 96 p. |
| Outras indicações físicas | il. |
| Dimensões | 30 cm. |
| 200 1# - Titulo e menção de responsabilidade | |
| Título próprio | Dislexia 3 |
| Informação de outro título | Cadernos de Reeducação Pedagógica |
| Primeira menção de responsabilidade | Helena Serra |
| Outras menções de responsabilidade | Teresa Oliveira Alves |
| 225 2# - Colecção | |
| Título próprio da colecção | cadernos de reeducação pedagógica |
| 205 ## - Menção da edição | |
| Menção da edição | 1ª ed. |
| 210 ## - Publicação, Distribuição, etc. | |
| Lugar da edição, distribuição, etc. | Porto |
| Nome do editor, distribuidor, etc. | Porto Editora |
| Data da publicação, distribuição, etc. | 2008 |
| 304 ## - Notas relativas a título e menção de responsabilidade | |
| Texto da nota | Tít. orig.: |
| 675 ## - Classificação Decimal Universal (CDU) | |
| Notação | 371.21(072) |
| Edição | BN |
| Língua da edição | por |
| 700 #1 - Nome de autor-pessoa física (responsabilidade principal) | |
| Número de registo de entrada de autoridade | 0001218 |
| Palavra de ordem | Serra |
| Outra parte do nome não tomada para palavra de ordem | Helena |
| 942 ## - Elementos de entrada adicionados (Koha) | |
| Tipo de item no Koha | Livro |
| Situação do levantamento | Origin of item (home branch) (coded) | Biblioteca de empréstimo | Código de barras | Cota | Circulation type (not for loan) | Tipo de documento | Nota do exemplar | Damaged status |
|---|---|---|---|---|---|---|---|---|
| Biblioteca Escolar Eng. Nuno Mergulhão | Biblioteca Escolar Eng. Nuno Mergulhão | BENM1670 | 371 SER | Livro | Sem mensagem |
